| 000 | 01304nam a22001577a 4500 | ||
|---|---|---|---|
| 999 |
_c514174 _d514174 |
||
| 008 | 201012b ||||| |||| 00| 0 eng d | ||
| 100 |
_aKuka, Elira, Na'ama, Shenhav and Kevin, Shih _918558 |
||
| 245 | _aDo human capital decisions respond to the returns to education: evidence from DACA | ||
| 260 | _aAmerican Economic Journal: Economic Policy | ||
| 300 | _a12(1), Feb, 2020: p. 293-324 | ||
| 520 | _aThis paper studies human capital responses to the availability of the Deferred Action for Childhood Arrivals (DACA) program, which provides temporary work authorization and deferral from deportation for undocumented, high-school-educated youth. We use a sample of young adults that migrated to the United States as children to implement a difference-in-difference design that compares noncitizen immigrants ("eligible") to citizen immigrants ("ineligible") over time. We find that DACA significantly increased high school attendance and high school graduation rates, reducing the citizen-noncitizen gap in graduation by 40 percent. We also find positive, though imprecise, impacts on college attendance. - Reproduced | ||
| 650 |
_aEducation, Human capital, Skills, Occupational choice _918559 |
||
| 773 | _aAmerican Economic Journal: Economic Policy | ||
| 906 | _aLABOR PRODUCTIVITY | ||
| 942 | _cAR | ||